[Event "Pardubice Czech op-B 21st"]
[Site "Pardubice"]
[Date "2010.07.28"]
[Round "6"]
[White "Tomazini, Aljosa"]
[Black "Hosek, Milan"]
[Result "1-0"]
[WhiteElo "2234"]
[BlackElo "2299"]
[PlyCount "95"]
[EventDate "2010.07.23"]
[EventType "swiss"]
[EventRounds "9"]
[EventCountry "CZE"]
[SourceTitle "CBM 137 Extra"]
[Source "ChessBase"]
[SourceDate "2010.09.01"]
[SourceVersion "1"]
[SourceVersionDate "2010.09.01"]
[SourceQuality "1"]

1. d4 d5 2. c4 c6 3. Nf3 Nf6 4. e3 Bf5 5. Nc3 e6 6. Nh4 Bg6 7. Nxg6 hxg6 8. g3 Nbd7 9. b3 Be7 10. Bg2 Bb4 11. Bd2 Qe7 12. 0-0 0-0-0 13. a3 Bxc3 14. Bxc3 Ne4 15. Bxe4 dxe4 16. f3 exf3 17. Qxf3 f5 18. Bb4 Qg5 19. Bd6 Rde8 20. b4 Nf6 21. Bf4 Qh5 22. Qxh5 gxh5 23. b5 cxb5 24. cxb5 Kd7 25. Be5 Ng4 26. e4 fxe4 27. Bxg7 Rhg8 28. Bf6 Rgf8 29. Bg5 Rf5 30. Rxf5 exf5 31. Rc1 Re6 32. Bf4 e3 33. Re1 e2 34. h3 Nf6 35. Be5 Ne4 36. Rxe2 Nxg3 37. Rc2 f4 38. Rc7+ Ke8 39. Rxb7 Re7 40. Rb8+ Kf7 41. Kf2 Kg6 42. Rg8+ Kf5 43. Rf8+ Ke6 44. Rxf4 Nf5 45. Kf3 Re8 46. Ke4 Ng3+ 47. Kd3 Nf5 48. d5+ 1-0